Informačné technológie

Digitálna sieť GSM čoraz širšie rozprestretá. Vzdelávacia hodnota multimédií. Siemens Nixdorf na vlnách nových paradigiem. Širokopásmové siete a prenos multimediálnych aplikácií.

Saved in:
Bibliographic Details
Main Author: Šupšák, Jozef
Other Authors: Klimo, M., Velecká, D.
Format: Book Chapter
Language:Slovak
Subjects:
Tags: Add Tag
No Tags, Be the first to tag this record!

MARC

LEADER 00000naa a2200000 4500
001 r025894
005 20230824085406.2
041 0 |a slo 
044 |a SK 
245 1 0 |a Informačné technológie  |c J. Šupšák, M. Klimo, D. Velecká 
520 |a Digitálna sieť GSM čoraz širšie rozprestretá. Vzdelávacia hodnota multimédií. Siemens Nixdorf na vlnách nových paradigiem. Širokopásmové siete a prenos multimediálnych aplikácií. 
610 2 0 |a technológie informačné 
610 2 0 |a siete dátové 
610 2 0 |a multimédiá 
610 2 0 |a GSM 
610 2 0 |a Siemens - Nixdorf 
610 2 0 |a technológie komunikačné 
100 1 |a Šupšák, Jozef 
700 1 |a Klimo, M. 
700 1 |a Velecká, D.